Score 0/14 Timer 02:00
5 Plays Today
Clue 4-Letter Word % Correct
Hula toy?HOOP
96%
Beep your car hornHONK
95.5%
'___ Lisa Smile'MONA
95.4%
Where chickens are keptCOOP
95.1%
Julia Roberts movieHOOK
93.2%
Tony Shalhoub roleMONK
91.8%
A very short piece of a movieCLIP
89.8%
Clue 4-Letter Word % Correct
US state with BuckeyesOHIO
86.9%
Cut up into pieces CHOP
86.4%
US state with HawkeyesIOWA
85.8%
Intel makes this out of siliconCHIP
84%
A Scottish island in the Inner HebridesIONA
73.3%
Advertising award named after a MuseCLIO
54.9%
A hodgepodge or miscellaneous mixtureOLIO
51.8%

Today's Daily Dose

Remove Ads.
Support Sporcle.
Get the best of Sporcle when you Go Orange. This ad-free experience offers more features, more stats, and more fun while also helping to support Sporcle. Thank you for becoming a member.

You're not logged in!

Compare scores with friends on all Sporcle quizzes.
OR
Log In

Show Comments

Extras

Top Quizzes Today


Score Distribution

Your Account Isn't Verified!

In order to create a playlist on Sporcle, you need to verify the email address you used during registration. Go to your Sporcle Settings to finish the process.

Report this User

Report this user for behavior that violates our Community Guidelines.

Details: